000 00414nam a22001577a 4500
020 _a0195607708
082 _a823
_bHAG/K
100 _aHAGGARD, H.RIDER
245 _aKING SOLOMON'S MINES
_bSUN BIRD READERS GRADE 3
246 _aKING SOLOMON'S MINES
_bSUN BIRD READERS GRADE 3
260 _aINDIA
_bOXFORD UNIVERISITY PRESS
_c2004
300 _a84
520 _aSHORT STORY
650 _aSHORT STORY
942 _cBK
999 _c2785
_d2785